000 01079nam a2200277Ia 4500
003 OSt
005 20221005103455.0
006 a|||||r|||| 00| 0
007 ta
008 221004b |||||||| |||| 00| 0 hin d
020 _a9789384979300 (pbk)
_cIndian Rupees 100
024 _a33698
037 _bGift, 25/09/2017,
_cTextual
040 _aCRL
_cCRL
_bhin
041 _2hin
_ahin
082 _aO152,1N68x, Q5
100 _aदास, रवीन्द्र कुमार, ले.
245 0 _aहमारे समय की नायिका काम पर जा रही है
246 _aHamāre samaya kī nāyikā kām par jā rahī hai
260 _aजयपुर
_bबोधि प्रकाशन भारत
_c2015
300 _a120पृ0
_ccm.
490 _aस्त्री-उपनिषद्; भाग-2
650 _aहिन्दी कविता
942 _hO152,1N68x, Q5
_cTEXL
_2cc
999 _c1010131
_d1010131